Here's to Flint (Record no. 335047)
[ view plain ]
| 000 -LEADER | |
|---|---|
| fixed length control field | 00498nam a2200097Ia 4500 |
| 008 - FIXED-LENGTH DATA ELEMENTS--GENERAL INFORMATION | |
| fixed length control field | 170517s9999 xx 000 0 und d |
| 245 ## - TITLE STATEMENT | |
| Title | Here's to Flint |
| 300 ## - PHYSICAL DESCRIPTION | |
| Extent | The water crisis that is currently gripping residents of Flint, Michigan is one of the most tragic predicaments of recent times. It is all the more tragic for being entirely preventable. The hot-off-the-press documentary Here's to Flint explores the... |
| 650 ## - SUBJECT ADDED ENTRY--TOPICAL TERM | |
| General subdivision | Technology. |
| 856 ## - ELECTRONIC LOCATION AND ACCESS | |
| Uniform Resource Identifier | <a href="http://topdocumentaryfilms.com/here-flint/">http://topdocumentaryfilms.com/here-flint/</a> |
| Withdrawn status | Lost status | Damaged status | Home library | Current library | Date acquired | Total Checkouts | Date last seen | Price effective from | Koha item type |
|---|---|---|---|---|---|---|---|---|---|
| College Library | College Library | 05/17/2017 | 05/17/2017 | 05/17/2017 | Documentary Films |